00296pab a2200097 454500008003600000100001300036245004700049650003400096650003400130773003400164180718b xxu||||| |||| 00| 0 eng d aRoy, S.B aForest protection committes in West Bengal a Forest Protection Committees aForests - India - West Bengal aEconomic and Political Weekly